000
00226 a2200097 4500
001
48334
100
_a
Fazal-i-Haq
245
_a
Pakistan penal code
260
_a
Lahore
_b
All Pakistan legal decision
_c
090
_c
31279
_d
31279
942
_a
NUST-CAE
_c
M
_c
23646
999
_c
283407
_d
283407